000 00402 a2200121 4500
999 _c40
_d40
003 Nust
005 20170427121909.0
008 170427b xxu||||| |||| 00| 0 eng d
020 _a9694250080
040 _c0
082 _a954.9 ALI
100 _aAli, Chaudhri Muhammad.
245 _aThe Emergence of Pakistan
_cby Chaudhri Muhammad Ali.
260 _aLahore :
_bResearch Society of Pakistan, University of the Punjab,
_c2009.
300 _aix, 418 p. :
_c24 cm.
500 _aH.B
650 _apakistan
830 0 _aPublication (Research Society of Pakistan) ;
942 _2ddc
_cBK
_k954.9 ALI